000
00203 a2200097 4500
001
39834
100
_a
Trilby G M
245
_a
Srengali
260
_a
London
_b
A Star Book
_c
1983
090
_c
24836
_d
24836
942
_a
NUST-CAE
_c
M
_c
16487
999
_c
274907
_d
274907